000 00974nam a22002537a 4500
999 _c6533
_d6533
003 AR-CdUCM
008 190318b ||||| |||| 00| 0 spa d
040 _aMUNICIPALIDAD PROVINCIAL DEL CUSCO
_cBIBLIOTECA MUNICIPAL DEL CUSCO
082 _a985.05 /
_bB26
_2ed.3
100 _aBasadre, Jorge
_9198
245 _aHistoria de la República del Perú :
_b1822-1866 /
260 _aLima :
_bEdiciones Historia,
_c1946.
300 _a1 tomos ;
_bimagenes, diagramas, ilustraciones, dibujos
_c25cm.
440 _aHistoria de la republica del peru
_918459
500 _aHistoria de la republica del Perú coleccion de 10 tomos
505 _aContenido : t.1 : La política interna durante la guerra de la emancipación -- El primer congreso constituyente -- La obra de Riva Agüero...
650 _aHistoria
_9136
650 _aRepublica
_9831
650 _aPerú
_935
650 _aTrascendencia
_918460
650 _aSucesos
_918461
942 _2ddc
_cLIBROS
945 _arcc